000 00638nam a2200229 i 4500
001 bgj
100 1 _aMCKEEGAN, David
245 1 0 _aMatrix :
_belementary : plus : teacher's book /
_cDavid McKeegan ; Jayne Wildman.
260 _aOxford :
_bOxford University Press,
_c2005.
300 _a111 pp :
_bill. ;
_c30 cm.
490 1 _aNew Matura
650 9 _aEnglish language
655 _aTextbooks for foreigners
700 1 _aWILDMAN, Jayne.
_eco-author
830 _aNew Matura
020 _a0194703886
040 _cBPK
041 0 _aeng
920 _a0-19-470388-6
942 _cKS
008 s uk f |000 0 eng
999 _c48987
_d48987